Memory systems 1994
Tallennettuna:
| Päätekijät: | , |
|---|---|
| Aineistotyyppi: | Kirja |
| Kieli: | englanti |
| Julkaistu: |
Cambridge
M.I.T
1994
|
| Aiheet: | |
| Tagit: |
Lisää tagi
Ei tageja, Lisää ensimmäinen tagi!
|
MARC
| LEADER | 00000nam a2200000 a 4500 | ||
|---|---|---|---|
| 001 | UCZ2814 | ||
| 003 | CL-VaPUC | ||
| 008 | 951013e19940000US |||||||||||||||||eng|d | ||
| 082 | 0 | 4 | |a 153.1 |b SCH |2 21 |
| 100 | 0 | |a Schacter, Daniel L |e author |9 346583 | |
| 700 | 0 | |a Tulving, Endel |e author |9 346584 | |
| 245 | 1 | 0 | |a Memory systems 1994 |
| 300 | |a 407 p | ||
| 942 | |c BK | ||
| 945 | |d 19951013 00:00:00 |a rbrito | ||
| 260 | |a Cambridge |b M.I.T |c 1994 | ||
| 650 | 0 | |a Memoria |9 266549 | |
| 650 | 0 | |a Inteligencia |9 267038 | |
| 650 | 0 | |a Procesos mentales superiores |9 330839 | |
| 650 | 0 | |a Cognición |9 270347 | |
| 583 | |a last modification |c 20130307 09:24:55 |k Rodrigo Vera | ||
| 999 | |c 239366 |d 239364 | ||
| 952 | |0 0 |1 0 |4 0 |6 153_100000000000000_SCH_1994 |7 0 |8 A |9 250452 |a FDOPOS |b FDOPOS |d 2019-11-18 |i 3133613 |o 153.1 SCH 1994 |p 3133613 |r 2025-01-22 |w 2019-11-18 |y BK |k MLA | ||